000 01478nam0a22002771 4500
001 rc\4763260
005 20260407182609.0
021 _aRU
_b[57-59398]
035 _a(NLR Aleph) 009018427
090 _a9412688
_c9412688
100 _a20130417d1957 |||y0rusy50 ca
101 0 _arus
102 _aRU
105 _aa z |||||
200 1 _aОтчетные доклады и научные сообщения
_f[Отв. ред. акад. С.С. Канаш]
210 _aТашкент
_cИзд-во Акад. наук УзССР
_d1957
215 _a260 с, 1 л. схем.
_d27
225 1 _aАкадемия наук Узбекской ССР. Координационная комиссия СОПСа. Материалы Межреспубликанского совещания по координации научно-исследовательских работ по хлопководству. 5-12 марта 1957 г.
606 _aХлопководство
_xНаучно-исследовательская работа
_2psbo
702 1 _aКанаш
_bС.С.
_gСергей Степанович
_4340
710 1 2 _aМежреспубликанское совещание по координации научно-исследовательских работ по хлопководству
_f1957
_eТашкент
_3RU\NLR\AUTH\8810117784
_9734546
801 0 _aRU
_bNLR
_gpsbo
801 1 _aRU
_bELAR
_2rusmarc
852 _aNLR
_j57-7/2343
942 _cBOOK
980 _aNB